| 000 | 00631cam a2200217 4500500 | ||
|---|---|---|---|
| 005 | 20260329003105.0 | ||
| 041 | _afre | ||
| 042 | _adc | ||
| 100 | 1 | 0 |
_aLegros, Martin _eauthor |
| 245 | 0 | 0 | _aL’essence de la voiture |
| 260 | _c2014. | ||
| 500 | _a73 | ||
| 690 | _aLuc Ferry | ||
| 690 | _aMaurizio Ferraris | ||
| 690 | _aTobie Nathan | ||
| 690 | _aValérie Charolles | ||
| 690 | _aVoiture | ||
| 690 | _aYves Michaud | ||
| 786 | 0 | _nPhilosophie magazine | 83 | 10 | 2014-10-01 | p. 19-19 | 1951-1787 | |
| 856 | 4 | 1 | _uhttps://shs.cairn.info/magazine-philosophie-magazine-2014-10-page-19?lang=fr&redirect-ssocas=7080 |
| 999 |
_c1821353 _d1821353 |
||